Bill of quantities rates. (Record no. 60879)
[ view plain ]
| 000 -LEADER | |
|---|---|
| fixed length control field | 00673cam a2200193 4500 |
| 001 - CONTROL NUMBER | |
| control field | ABS61174 |
| 008 - FIXED-LENGTH DATA ELEMENTS--GENERAL INFORMATION | |
| fixed length control field | 000000n1999 000 0 eng u |
| 035 ## - SYSTEM CONTROL NUMBER | |
| System control number | (Sirsi) u101764 |
| 100 ## - MAIN ENTRY--PERSONAL NAME | |
| Personal name | Kelly, T. |
| 245 ## - TITLE STATEMENT | |
| Title | Bill of quantities rates. |
| 260 ## - PUBLICATION, DISTRIBUTION, ETC. | |
| Date of publication, distribution, etc. | 1999 |
| 490 ## - SERIES STATEMENT | |
| Series statement | Civil Engineering Surveyor |
| Volume/sequential designation | 24(7) September 1999, 16-17(2) |
| 520 ## - SUMMARY, ETC. | |
| Summary, etc. | Explains the mechanics required to support contractual changes to Bill of Quantities rates, based upon the ICE Conditions of Contract (5th edn). |
| 650 ## - SUBJECT ADDED ENTRY--TOPICAL TERM | |
| Topical term or geographic name entry element | BILLS OF QUANTITIES |
| 650 ## - SUBJECT ADDED ENTRY--TOPICAL TERM | |
| Topical term or geographic name entry element | ICE CONDITIONS OF CONTRACT |
| 650 ## - SUBJECT ADDED ENTRY--TOPICAL TERM | |
| Topical term or geographic name entry element | Contracts |
| 9 (RLIN) | 6232 |
| 690 ## - LOCAL SUBJECT ADDED ENTRY--TOPICAL TERM (OCLC, RLIN) | |
| Topical term or geographic name as entry element | BUILT ENVIRONMENT-BUILDING CONTRACT FORMS |
| 942 ## - ADDED ENTRY ELEMENTS (KOHA) | |
| Suppress in OPAC | 0 |
| Withdrawn status | Lost status | Source of classification or shelving scheme | Damaged status | Not for loan | Home library | Current library | Shelving location | Date acquired | Total Checkouts | Full call number | Barcode | Date last seen | Copy number | Price effective from | Koha item type |
|---|---|---|---|---|---|---|---|---|---|---|---|---|---|---|---|
| Dewey Decimal Classification | London | London | Journal article | 11/11/1999 | ABS61174 | 101764-1001 | 06/08/2019 | 1 | 06/08/2019 | Journal article |